<?xml version="1.0" encoding="UTF-8"?>
<collection xmlns:xsi="http://www.w3.org/2001/XMLSchema-instance" xsi:schemaLocation="http://www.loc.gov/MARC21/slim http://www.loc.gov/standards/marcxml/schema/MARC21slim.xsd" xmlns="http://www.loc.gov/MARC21/slim">
 <record>
  <leader>00000cmm a22000008a 4500</leader>
  <controlfield tag="001">UP-99796217611385859</controlfield>
  <controlfield tag="003">Buklod</controlfield>
  <controlfield tag="005">20231110162228.0</controlfield>
  <controlfield tag="006">m||||fo||d| ||||||</controlfield>
  <controlfield tag="007">cr cn ||||||aa</controlfield>
  <controlfield tag="008">231110s2011    enk||||fo||d| ||||||engdd</controlfield>
  <datafield tag="020" ind1=" " ind2=" ">
   <subfield code="a">9780511977374 (eBook)</subfield>
  </datafield>
  <datafield tag="020" ind1=" " ind2=" ">
   <subfield code="a">9781107009424 (Hardback)</subfield>
  </datafield>
  <datafield tag="035" ind1=" " ind2=" ">
   <subfield code="a">(iLib)UPD-00227807922</subfield>
  </datafield>
  <datafield tag="040" ind1=" " ind2=" ">
   <subfield code="a">DLC</subfield>
   <subfield code="d">DMLR</subfield>
   <subfield code="e">rda</subfield>
  </datafield>
  <datafield tag="041" ind1="0" ind2=" ">
   <subfield code="a">eng</subfield>
  </datafield>
  <datafield tag="042" ind1=" " ind2=" ">
   <subfield code="a">DMLUC</subfield>
  </datafield>
  <datafield tag="084" ind1=" " ind2=" ">
   <subfield code="a">K 3820</subfield>
   <subfield code="b">D43 2011eb</subfield>
  </datafield>
  <datafield tag="245" ind1="1" ind2="0">
   <subfield code="a">Debt-for-development exchanges</subfield>
   <subfield code="b">history and new applications</subfield>
   <subfield code="h">[electronic resource]</subfield>
   <subfield code="c">Edited by Ross P. Buckley.</subfield>
  </datafield>
  <datafield tag="264" ind1=" " ind2="1">
   <subfield code="a">Cambridge</subfield>
   <subfield code="b">Cambridge University Press</subfield>
   <subfield code="c">2011</subfield>
  </datafield>
  <datafield tag="300" ind1=" " ind2=" ">
   <subfield code="a">online resource</subfield>
   <subfield code="b">illustrations</subfield>
  </datafield>
  <datafield tag="336" ind1=" " ind2=" ">
   <subfield code="a">text</subfield>
   <subfield code="2">rdacontent</subfield>
  </datafield>
  <datafield tag="337" ind1=" " ind2=" ">
   <subfield code="a">computer</subfield>
   <subfield code="2">rdamedia</subfield>
  </datafield>
  <datafield tag="338" ind1=" " ind2=" ">
   <subfield code="a">online resource</subfield>
   <subfield code="2">rdacarrier</subfield>
  </datafield>
  <datafield tag="500" ind1=" " ind2=" ">
   <subfield code="a">Title from title screen (viewed on November 10, 2023)</subfield>
  </datafield>
  <datafield tag="505" ind1="0" ind2="0">
   <subfield code="a">Part I. Types of Exchanges and Their Development Over Time: 1. The early years - the evolution of the technique Ross P. Buckley; 2. Debt-for-nature exchanges Ross P. Buckley and Steven Freeland; 3. Other debt-for-development exchanges Ross P. Buckley; Part II. Exchanges by Donor Countries: 4. United States debt exchanges Ross P. Buckley and Steven Freeland; 5. Italian exchanges Ross P. Buckley; 6. German exchanges Ross P. Buckley; 7. French exchanges Ross P. Buckley; 8. Other donor nations' exchanges Ross P. Buckley; 9. Debt-for-development in Australia: past, present and future Luke Fletcher and Adele Webb; Part III. Critiques of Exchanges: 10. Debt audits as the necessary precondition to credible exchanges Julia Roy; 11. A different view on the use of illegitimate debt in exchanges: reflections on an all too real case Jürgen Kaiser; 12. The human rights dimension in exchanges Gillian Moon; 13. Bangladesh's experience with exchanges: liability to potentia MD Shamsuddoha; 14. The Philippines experience with exchanges Joffre Balce; Part IV. New and Innovative Applications of Exchanges: 15. Farmer managed natural regeneration: a land rehabilitaton technique well adapted to funding by exchanges Tony Rinaudo; 16. Restoring mangroves in the Philippines Ross P. Buckley; 17. Poverty reduction through social protection: a potential form of debt-for-development exchange John Langmore; 18. Climate change adaptation exchanges: an exploration of the possibilities and risks Philip Ireland; 19. Climate change and food security: building resilience by means of climate field schools Alicia C. Qian and Tanvir Uddin; 20. Debt-for-security exchanges Ross P. Buckley; 21. Promoting good governance through ICT systems: improving transparency and reducing corruption Emmanuel T. Laryea; 22. Promoting citizen action and voice through exchanges Bill Walker; 23. Conclusion Ross P. Buckley.</subfield>
  </datafield>
  <datafield tag="506" ind1=" " ind2=" ">
   <subfield code="a">IP-based subscription, access limited to within on-campus computer network</subfield>
   <subfield code="c">Access via Electronic Resources of the UPD University Library Website</subfield>
  </datafield>
  <datafield tag="520" ind1="0" ind2=" ">
   <subfield code="a">Analyzes the different types of debt-for-development exchanges and the different ways they have been used by all donor nations&quot; -- Provided by publisher</subfield>
  </datafield>
  <datafield tag="530" ind1=" " ind2=" ">
   <subfield code="a">Also issued in print format</subfield>
  </datafield>
  <datafield tag="538" ind1=" " ind2=" ">
   <subfield code="a">Mode of access: World Wide Web</subfield>
  </datafield>
  <datafield tag="650" ind1=" " ind2="0">
   <subfield code="a">Economic development projects</subfield>
   <subfield code="x">Finance</subfield>
   <subfield code="x">Law and legislation.</subfield>
  </datafield>
  <datafield tag="700" ind1="0" ind2=" ">
   <subfield code="a">Buckley, Ross P.</subfield>
   <subfield code="e">editor.</subfield>
  </datafield>
  <datafield tag="710" ind1="2" ind2=" ">
   <subfield code="a">Cambridge Books Online (Online service).</subfield>
  </datafield>
  <datafield tag="856" ind1="4" ind2="0">
   <subfield code="y">Available for University of the Philippines Diliman via Cambridge. Click here to access</subfield>
   <subfield code="u">https://doi.org/10.1017/CBO9780511977374</subfield>
  </datafield>
  <datafield tag="905" ind1=" " ind2=" ">
   <subfield code="a">FO</subfield>
  </datafield>
  <datafield tag="852" ind1="0" ind2=" ">
   <subfield code="a">UPD</subfield>
   <subfield code="b">DMLR</subfield>
   <subfield code="h">K 3820</subfield>
   <subfield code="i">D43 2011EB</subfield>
  </datafield>
  <datafield tag="942" ind1=" " ind2=" ">
   <subfield code="a">Electronic Resource</subfield>
  </datafield>
 </record>
</collection>
